000
00312nam a2200145Ia 4500
008
230718s9999 xx 000 0 und d
041
_a
Eng.
082
_a
825.3
_b
KEN-R
100
_a
Kenny, Jon
245
0
_a
Regret
260
_a
Pakistan
_b
Penguin Book
_c
2002
300
_a
266
650
_a
Law
999
_c
27746
_d
27746